<?xml version="1.0" encoding="UTF-8"?><?xml-stylesheet type="text/xsl" href="static/style.xsl"?><OAI-PMH xmlns="http://www.openarchives.org/OAI/2.0/" xmlns:xsi="http://www.w3.org/2001/XMLSchema-instance" xsi:schemaLocation="http://www.openarchives.org/OAI/2.0/ http://www.openarchives.org/OAI/2.0/OAI-PMH.xsd"><responseDate>2026-04-17T23:24:29Z</responseDate><request verb="GetRecord" identifier="oai:www.recercat.cat:2445/51964" metadataPrefix="marc">https://recercat.cat/oai/request</request><GetRecord><record><header><identifier>oai:recercat.cat:2445/51964</identifier><datestamp>2025-12-05T09:47:23Z</datestamp><setSpec>com_2072_1057</setSpec><setSpec>col_2072_478778</setSpec><setSpec>col_2072_478917</setSpec></header><metadata><record xmlns="http://www.loc.gov/MARC21/slim" xmlns:dcterms="http://purl.org/dc/terms/" xmlns:xsi="http://www.w3.org/2001/XMLSchema-instance" xmlns:doc="http://www.lyncode.com/xoai" xsi:schemaLocation="http://www.loc.gov/MARC21/slim http://www.loc.gov/standards/marcxml/schema/MARC21slim.xsd">
   <leader>00925njm 22002777a 4500</leader>
   <datafield ind2=" " ind1=" " tag="042">
      <subfield code="a">dc</subfield>
   </datafield>
   <datafield ind2=" " ind1=" " tag="720">
      <subfield code="a">Romero Rameta, Alejandro</subfield>
      <subfield code="e">author</subfield>
   </datafield>
   <datafield ind2=" " ind1=" " tag="720">
      <subfield code="a">Ramírez-Rozzi, Fernando V.</subfield>
      <subfield code="e">author</subfield>
   </datafield>
   <datafield ind2=" " ind1=" " tag="720">
      <subfield code="a">Juan, Joaquín De</subfield>
      <subfield code="e">author</subfield>
   </datafield>
   <datafield ind2=" " ind1=" " tag="720">
      <subfield code="a">Martínez Pérez-Pérez, Alejandro</subfield>
      <subfield code="e">author</subfield>
   </datafield>
   <datafield ind2=" " ind1=" " tag="260">
      <subfield code="c">2014-03-14T13:54:30Z</subfield>
   </datafield>
   <datafield ind2=" " ind1=" " tag="260">
      <subfield code="c">2014-03-14T13:54:30Z</subfield>
   </datafield>
   <datafield ind2=" " ind1=" " tag="260">
      <subfield code="c">2013-12-19</subfield>
   </datafield>
   <datafield ind2=" " ind1=" " tag="260">
      <subfield code="c">2014-03-14T13:54:31Z</subfield>
   </datafield>
   <datafield ind2=" " ind1=" " tag="520">
      <subfield code="a">Pygmy hunter-gatherers from Central Africa have shared a network of socioeconomic interactions with non-Pygmy Bantu speakers since agropastoral lifestyle spread across sub-Saharan Africa. Ethnographic studies have reported that their diets differ in consumption of both animal proteins and starch grains. Hunted meat and gathered plant foods, especially underground storage organs (USOs), are dietary staples for pygmies. However, scarce information exists about forager-farmer interaction and the agricultural products used by pygmies. Since the effects of dietary preferences on teeth in modern and past pygmies remain unknown, we explored dietary history through quantitative analysis of buccal microwear on cheek teeth in well-documented Baka pygmies. We then determined if microwear patterns differ among other Pygmy groups (Aka, Mbuti, and Babongo) and between Bantu-speaking farmer and pastoralist populations from past centuries. The buccal dental microwear patterns of Pygmy hunter-gatherers and non-Pygmy Bantu pastoralists show lower scratch densities, indicative of diets more intensively based on nonabrasive foodstuffs, compared with Bantu farmers, who consume larger amounts of grit from stoneground foods. The Baka pygmies showed microwear patterns similar to those of ancient Aka and Mbuti, suggesting that the mechanical properties of their preferred diets have not significantly changed through time. In contrast, Babongo pygmies showed scratch densities and lengths similar to those of the farmers, consistent with sociocultural contacts and genetic factors. Our findings support that buccal microwear patterns predict dietary habits independent of ecological conditions and reflect the abrasive properties of preferred or fallback foods such as USOs, which may have contributed to the dietary specializations of ancient human populations.</subfield>
   </datafield>
   <datafield tag="653" ind2=" " ind1=" ">
      <subfield code="a">Dieta</subfield>
   </datafield>
   <datafield tag="653" ind2=" " ind1=" ">
      <subfield code="a">Hàbits alimentaris</subfield>
   </datafield>
   <datafield tag="653" ind2=" " ind1=" ">
      <subfield code="a">Antropologia dental</subfield>
   </datafield>
   <datafield tag="653" ind2=" " ind1=" ">
      <subfield code="a">Dentició</subfield>
   </datafield>
   <datafield tag="653" ind2=" " ind1=" ">
      <subfield code="a">Caçadors i recol·lectors</subfield>
   </datafield>
   <datafield tag="653" ind2=" " ind1=" ">
      <subfield code="a">Pigmeus</subfield>
   </datafield>
   <datafield tag="653" ind2=" " ind1=" ">
      <subfield code="a">Àfrica</subfield>
   </datafield>
   <datafield tag="653" ind2=" " ind1=" ">
      <subfield code="a">Diet</subfield>
   </datafield>
   <datafield tag="653" ind2=" " ind1=" ">
      <subfield code="a">Food habits</subfield>
   </datafield>
   <datafield tag="653" ind2=" " ind1=" ">
      <subfield code="a">Dental anthropology</subfield>
   </datafield>
   <datafield tag="653" ind2=" " ind1=" ">
      <subfield code="a">Dentition</subfield>
   </datafield>
   <datafield tag="653" ind2=" " ind1=" ">
      <subfield code="a">Hunting and gathering societies</subfield>
   </datafield>
   <datafield tag="653" ind2=" " ind1=" ">
      <subfield code="a">Pygmies</subfield>
   </datafield>
   <datafield tag="653" ind2=" " ind1=" ">
      <subfield code="a">Africa</subfield>
   </datafield>
   <datafield ind2="0" ind1="0" tag="245">
      <subfield code="a">Diet-related buccal dental microwear patterns in central african pygmy foragers and bantu-speaking farmer and pastoralist populations.</subfield>
   </datafield>
</record></metadata></record></GetRecord></OAI-PMH>